000 01074cam a22002653a 4500
001 22949
003 PGUSA
005 20140828083504.0
008 071001s2007||||xxu|||||s|||||000 1 eng d
040 _aPGUSA
_beng
042 _adc
050 4 _aPS
100 1 _aAnderson, Sherwood,
_d1876-1941
245 1 0 _aWinesburg, Ohio
_h[electronic resource] /
_cSherwood Anderson
260 _bProject Gutenberg,
_c2007
505 0 _aThe book of the grotesque -- Hands -- Paper pills -- Mother -- The philosopher -- Nobody knows -- Godliness -- A man of ideas -- Adventure -- Respectability -- The thinker -- Tandy -- The strength of God -- The teacher -- Loneliness -- An awakening -- "Queer" -- The untold lie -- Drink -- Death -- Sophistication -- Departure.
506 _aPublic domain in the USA.
516 _aElectronic text
653 _aPastoral fiction
653 _aCity and town life -- Fiction
653 _aOhio -- Social life and customs -- Fiction
830 0 _aProject Gutenberg
_v22949
856 4 0 _uhttp://www.gutenberg.org/ebooks/22949
942 _cEB
999 _c252204
_d252204